| 000 | 00405nam a2200145Ia 4500 | ||
|---|---|---|---|
| 008 | 230917s9999||||xx |||||||||||||| ||und|| | ||
| 040 |
_e164154 _aMAIN |
||
| 041 | _aEnglish | ||
| 082 | _a891.43301731 SM14M | ||
| 100 | _aशाह, मोतीलाल | ||
| 245 | 0 | _aमधु | |
| 260 |
_aनई दिल्ली _bसार्थक प्रकाशन _c1998 |
||
| 300 | _a108 p. | ||
| 942 | _cHN | ||
| 999 |
_c108224 _d108224 |
||